Der Raub Europas. Biographie eines Kontinents

Spremljeno u:
Bibliografski detalji
Format: Knjiga
Jezik:Undetermined
Izdano: [pari] Wien, Frankfurt, Zürich, Europa Verlag 1967
Teme:
Oznake: Dodaj oznaku
Bez oznaka, Budi prvi tko označuje ovaj zapis!
Thư viện lưu trữ: Trung tâm Học liệu Trường Đại học Cần Thơ
LEADER 00459nam a2200169Ia 4500
001 CTU_108224
008 210402s9999 xx 000 0 und d
082 |a 940 
082 |b R242 
245 0 |a Der Raub Europas. Biographie eines Kontinents 
260 |a [pari] 
260 |b Wien, Frankfurt, Zürich, Europa Verlag 
260 |c 1967 
650 |a Europe 
650 |x History 
904 |i M.Loan 
980 |a Trung tâm Học liệu Trường Đại học Cần Thơ